El teatro: enciclopedia del arte escénico

Saved in:
Bibliographic Details
Main Author: Díaz-Plaja, Guillermo (Author)
Format: Book
Language:Spanish
Published: Barcelona Noguer 1958
Subjects:
Tags: Add Tag
No Tags, Be the first to tag this record!

MARC

LEADER 00000nam a2200000 a 4500
001 UCZ6384
003 CL-VaPUC
008 951211e19580000SP |||||||||||||||||spa|d
082 0 4 |a 792.03  |b DIA  |2 21 
100 0 |a Díaz-Plaja, Guillermo  |e author  |9 350653 
245 1 3 |a El teatro: enciclopedia del arte escénico 
300 |a 645 p 
942 |c BK 
945 |d 19951211 00:00:00  |a rleighto 
260 |a Barcelona  |b Noguer  |c 1958 
650 0 |a Artes escénicas  |9 318853 
650 0 |a Teatro  |9 265385 
650 0 |a Enciclopedias  |9 264135 
583 |a last modification  |c 20160520 16:16:27  |k Rodrigo Vera 
999 |c 242592  |d 242590 
952 |0 0  |1 0  |4 0  |6 792_030000000000000_DIA_1958  |7 0  |8 X  |9 255641  |a BIBEDU  |b BIBEDU  |d 2019-11-19  |i 3160378  |o 792.03 DIA 1958  |p 3160378  |r 2023-01-13  |w 2019-11-19  |y BK_X  |k LIT